Study of plasma levle of fibrinogen & vascular endothelial growth factor (vegf) in patients of carcinoma breast before and after tratment and in healthy controls (Record no. 884362)

MARC details
000 -LEADER
fixed length control field 01044nam a2200277Ia 4500
003 - CONTROL NUMBER IDENTIFIER
control field OSt
005 - DATE AND TIME OF LATEST TRANSACTION
control field 20220930092832.0
008 - FIXED-LENGTH DATA ELEMENTS--GENERAL INFORMATION
fixed length control field 220926b |||||||| |||| 00| 0 eng d
037 ## - SOURCE OF ACQUISITION
Terms of availability Theses
040 ## - CATALOGING SOURCE
Original cataloging agency CRL
Transcribing agency CRL
Language of cataloging eng
041 ## - LANGUAGE CODE
Source of code eng
Language code of text/sound track or separate title eng
100 ## - MAIN ENTRY--PERSONAL NAME
Personal name Khowal Hemant Kumar
9 (RLIN) 549799
110 ## - MAIN ENTRY--CORPORATE NAME
Corporate name or jurisdiction name as entry element University OF Delhi. Faculty OF Medical Scieces. Department OF General Surgery
9 (RLIN) 549800
245 #0 - TITLE STATEMENT
Title Study of plasma levle of fibrinogen & vascular endothelial growth factor (vegf) in patients of carcinoma breast before and after tratment and in healthy controls
260 ## - PUBLICATION, DISTRIBUTION, ETC.
Date of publication, distribution, etc. 2014
650 ## - SUBJECT ADDED ENTRY--TOPICAL TERM
Topical term or geographic name entry element SURGERY
700 ## - ADDED ENTRY--PERSONAL NAME
Personal name Dr. Arun Jain Gu.
9 (RLIN) 539840
700 ## - ADDED ENTRY--PERSONAL NAME
Personal name Dr. M. P. Arora Gu.
9 (RLIN) 536017
700 ## - ADDED ENTRY--PERSONAL NAME
Personal name Dr. Romesh Lal Gu.
9 (RLIN) 532808
700 ## - ADDED ENTRY--PERSONAL NAME
Personal name University OF Delhi. Faculty OF Medical Scieces. Department OF General Surgery
9 (RLIN) 549801
942 ## - ADDED ENTRY ELEMENTS (KOHA)
Koha item type Dissertations
Source of classification or shelving scheme Colon Classification (CC)
Holdings
Withdrawn status Lost status Damaged status Not for loan Home library Current library Date acquired Total Checkouts Barcode Date last seen Price effective from Koha item type
        Central Library Central Library 2022-09-30   TH0021830 2022-09-30 2022-09-30 Thesis
Copyright @ Delhi University Library System